000
00313nam a22001337a 4500
008
170224b xxu||||| |||| 00| 0 eng d
020
_a
9780397514816
041
_a
eng
080
_a
617
100
_a
5
101
_a
SHS
245
_a
SURGERY SCIENTIFIC PRINCIPLES AND PRACTICE
_c
GREENFIELD.L.J
942
_2
udc
_c
BK
999
_c
6191
_d
6191